Young Thug - Top 25 najczęściej odtwarzanych piosenek - Statystyki

Ogólne statystyki
  • Ten quiz został rozwiązany 14 razy
    5 od ostatniego zresetowania
  • Średni wynik to 11 z 25
Statystyki odpowiedzi
Hint Odpowiedź % Poprawnych
Slime Season 3 Digits
100%
So Much Fun Hot
100%
Slime Season 3 With Them
100%
So Much Fun Bad Bad Bad
75%
Punk Bubbly
75%
Barter 6 Check
75%
JEFFERY Guwop
75%
So Much Fun (Deluxe) Hot (Remix)
75%
JEFFERY Pick Up The Phone
75%
Beautiful Thugger Girls Relationship
75%
JEFFERY Wyclef Jean
75%
Slime & B Go Crazy
50%
So Much Fun The London
50%
Hear No Evil Anybody
25%
Fast & Furious 8: The Album Gang Up
25%
Slime Season Best Friend
0%
Slime Language Chanel (Go Get It)
0%
Slime & B City Girls
0%
Punk Livin It Up
0%
BUSINESS IS BUSINESS Oh U Went
0%
SUPER SLIMEY Patek Water
0%
On The Run Sin
0%
Slime Language 2 Ski
0%
Slime Language 2 Solid
0%
Slime Language 2 That Go!
0%
Nie znaleziono quizów pasujących do podanych kryteriów
Rozkład punktacji
Procent ludzi z każdym wynikiem
Percentyl według liczby udzielonych odpowiedzi
Twoja historia wyników
Nie rozwiązałeś tego quizu od ostatniego zresetowania